Rainbow Moral Stories (1)/ (Record no. 207643)

MARC details
000 -LEADER
fixed length control field 00647nam a22002177a 4500
005 - DATE AND TIME OF LATEST TRANSACTION
control field 20241212145355.0
010 ## - LCCN (DPL NO)
LC control number B-761449
020 ## - INTERNATIONAL STANDARD BOOK NUMBER
International Standard Book Number 9788181534441 vol. 1
Terms of availability 250.00
035 ## - SYSTEM CONTROL NUMBER
System control number B-761449
037 ## - SOURCE OF ACQUISITION
Source of stock number/acquisition Rainbow Books
082 ## - DEWEY DECIMAL CLASSIFICATION NUMBER
Classification number S
245 ## - TITLE STATEMENT
Title Rainbow Moral Stories (1)/
260 ## - PUBLICATION, DISTRIBUTION, ETC. (IMPRINT)
Place of publication, distribution, etc Delhi
Name of publisher, distributor, etc Rainbow Books
Date of publication, distribution, etc 2022(repr.)
270 ## - ADDRESS
Address F-32, Street No.12, Parwana Road, Jagat Puri, New Delhi
City New Delhi
Postal code 110051
300 ## - PHYSICAL DESCRIPTION
Extent 64p.
Dimensions 28cm(Hb)
Other physical details col.ill
490 ## - SERIES STATEMENT
Series statement 1-2(series)
700 ## - ADDED ENTRY--PERSONAL NAME
Personal name Akankasha
9 (RLIN) 74952
700 ## - ADDED ENTRY--PERSONAL NAME
Personal name Aryan
9 (RLIN) 74953
942 ## - ADDED ENTRY ELEMENTS (KOHA)
Source of classification or shelving scheme Dewey Decimal Classification
Item type Children Books
Call number suffix RAI
Classification part S
Holdings
Withdrawn status Lost status Not for loan Collection code Home library Current library Date acquired Source of acquisition Cost, normal purchase price Full call number Barcode Copy number Cost, replacement price Koha item type Public note
      Fiction Central Library Central Library 12/12/2024 Gift/9.12.24 250.00 RAI S B-761449 1 250.00 Children Books Gift

© Delhi Public Library
Hit Counter
free hit counter